| 000 | 01420nam a2200265Ia 4500 | ||
|---|---|---|---|
| 003 | Ost | ||
| 005 | 20260416102355.0 | ||
| 008 | 260416s9999||||xx |||||||||||||| ||und|| | ||
| 040 | _cfsecg | ||
| 041 | _aara | ||
| 082 | _a338.5 | ||
| 100 |
_aبن حدو، خديجة سمية _eمؤلف |
||
| 245 | 0 |
_aأساسيات الإقتصاد الجزئي 1 : _b-محاضرات وتطبيقات- / _c خديجة سمية بن حدو |
|
| 260 |
_aالجزائر _bجامعة الجزائر3: كلية العلوم الإقتصادية، العلوم التجارية وعلوم التسيير _c2019 |
||
| 300 |
_a100 ورقة _bايضاحات _c30 سم |
||
| 504 | _aمراجع ص.100 | ||
| 520 | _aالفصل التمهيدي، التذكير ببعض المفاهيم في الرياضيات، مدخل الى النظرية الاقتصادية، نظرية سلوك المستهلك، نظرية المنفعة، دالة الطلب، نظرية سلوك المنتج، دوال الانتاج، دوال الانتاج في الفترة القصيرة. | ||
| 653 | _aالاقتصاد الجزئي | ||
| 653 | _aالانتاج | ||
| 653 | _aالعرض و الطلب | ||
| 653 | _aالمستهلكون | ||
| 653 | _aالمنفعة | ||
| 710 |
_aجامعة الجزائر3: كلية العلوم الإقتصادية، العلوم التجارية وعلوم التسيير _eناشر علمي |
||
| 942 | _cHANDOUT | ||
| 999 |
_c41157 _d41157 |
||